[Event "Sao Paulo Karman Cup"]
[Site "Sao Paulo"]
[Date "2019.08.18"]
[Round "5"]
[White "Bergamo, Victor Hugo Moura"]
[Black "Truzzi, Ivan Steiner"]
[Result "0-1"]
[WhiteElo "1460"]
[BlackElo "1583"]
[PlyCount "88"]
[EventDate "2019.08.16"]
[EventType "swiss"]
[EventRounds "6"]
[EventCountry "BRA"]
[SourceTitle "EXT 2021"]
[Source "ChessBase"]
[SourceDate "2020.10.23"]
[SourceVersion "1"]
[SourceVersionDate "2020.10.23"]
[SourceQuality "1"]

1. e4 d5 2. exd5 Qxd5 3. Nc3 Qa5 4. d4 c6 5. Bd2 Nf6 6. Bc4 Qc7 7. Qe2 Bf5 8. Bb3 Nbd7 9. Nf3 e6 10. Nh4 Bg6 11. Nxg6 hxg6 12. h3 0-0-0 13. 0-0-0 Bd6 14. Rhe1 Bf4 15. Kb1 Bxd2 16. Rxd2 Qf4 17. Red1 g5 18. f3 Rhe8 19. Ne4 Nb6 20. c4 Nxe4 21. Qxe4 Rd7 22. d5 Red8 23. Rd3 exd5 24. cxd5 Nxd5 25. Bxd5 Rxd5 26. Rxd5 Rxd5 27. Rxd5 Qxe4+ 28. fxe4 cxd5 29. exd5 Kd7 30. Kc2 Kd6 31. Kd3 Kxd5 32. g4 g6 33. b3 b5 34. a3 a5 35. Ke3 f5 36. Kd3 f4 37. b4 axb4 38. axb4 Ke5 39. Ke2 Ke4 40. Kf2 f3 41. Kf1 Ke3 42. Ke1 f2+ 43. Kf1 Kf3 44. h4 gxh4 0-1

[Event "Sao Paulo SP ECP op 3rd"]
[Site "Sao Paulo"]
[Date "2017.11.19"]
[Round "6.12"]
[White "Truzzi, Ivan Steiner"]
[Black "Dattoli, Micael Cimet"]
[Result "1-0"]
[WhiteElo "1690"]
[BlackElo "1418"]
[PlyCount "114"]
[EventDate "2017.11.17"]
[EventType "swiss"]
[EventRounds "6"]
[EventCountry "BRA"]
[SourceTitle "EXT 2022"]
[Source "ChessBase"]
[SourceDate "2021.10.06"]
[SourceVersion "1"]
[SourceVersionDate "2021.10.06"]
[SourceQuality "1"]

1. e4 c5 2. Nf3 d6 3. Nc3 Nf6 4. Bc4 a6 5. a4 Nc6 6. 0-0 Bg4 7. h3 Bh5 8. Be2 Bg6 9. d3 e6 10. Bf4 Be7 11. Re1 0-0 12. Nh4 Nd7 13. Nxg6 fxg6 14. Bh2 Qb6 15. Qc1 c4 16. Nd1 Rf6 17. dxc4 Raf8 18. Qe3 Nd4 19. Rc1 d5 20. a5 Qxa5 21. Rf1 Bc5 22. Qd3 dxc4 23. Qxc4 Qd2 24. Nc3 Nxe2+ 25. Nxe2 Rxf2 26. Rxf2 Bxf2+ 27. Kh1 h6 28. Qxe6+ Kh7 29. Qc4 Be3 30. Bg1 Bxg1 31. Rxg1 Rf2 32. Nd4 Ne5 33. Qd5 Qf4 34. Ne6 Qg3 35. Qxb7 Rf7 36. Qb8 h5 37. Qb3 Nf3 38. Ng5+ Qxg5 39. Qxf7 Nxg1 40. Kxg1 Qe3+ 41. Qf2 Qxe4 42. c3 Qa4 43. Qb6 Qc4 44. Qd4 Qxd4+ 45. cxd4 Kg8 46. h4 Kf7 47. Kf2 Kf6 48. Kf3 g5 49. hxg5+ Kxg5 50. Ke4 Kf6 51. Kd5 Ke7 52. Ke5 g6 53. d5 a5 54. d6+ Kd7 55. Kf6 Kxd6 56. Kxg6 Kc5 57. Kxh5 Kb4 1-0

[Event "Sao Paulo SP ECP op 3rd"]
[Site "Sao Paulo"]
[Date "2017.11.18"]
[Round "3.14"]
[White "Rocha, Anderson Rosendo"]
[Black "Truzzi, Ivan Steiner"]
[Result "0-1"]
[WhiteElo "1489"]
[BlackElo "1690"]
[PlyCount "83"]
[EventDate "2017.11.17"]
[EventType "swiss"]
[EventRounds "6"]
[EventCountry "BRA"]
[SourceTitle "EXT 2022"]
[Source "ChessBase"]
[SourceDate "2021.10.06"]
[SourceVersion "1"]
[SourceVersionDate "2021.10.06"]
[SourceQuality "1"]

1. Nf3 Nf6 2. b3 d5 3. Bb2 Bf5 4. d4 e6 5. e3 Nbd7 6. Bd3 Ne4 7. Nbd2 Ndf6 8. 0-0 Bd6 9. Ne5 Nxd2 10. Qxd2 Ne4 11. Qe2 Qg5 12. f3 Nf6 13. Bxf5 exf5 14. f4 Qh4 15. Qb5+ c6 16. Qxb7 0-0 17. Nf3 Qh5 18. Qxc6 Rfd8 19. c4 Rac8 20. Qa6 g5 21. Nxg5 Ng4 22. Nh3 Nxe3 23. Rf3 Ng4 24. c5 Bb8 25. Rc1 Re8 26. Ba3 Rc7 27. Rg3 Rce7 28. Bb4 Bxf4 29. Rxg4+ Qxg4 30. Nxf4 Qxf4 31. Rd1 Re2 32. Rf1 Qxd4+ 33. Kh1 Qxb4 34. c6 Qb6 35. Qd3 Qxc6 36. Qxf5 Qg6 37. Qxd5 Re1 38. Qf3 Rxf1+ 39. Qxf1 Qe4 40. h3 Qe1 41. Qxe1 Rxe1+ 42. Kh2 0-1

[Event "Sao Paulo SP ECP op 3rd"]
[Site "Sao Paulo"]
[Date "2017.11.18"]
[Round "4.10"]
[White "Truzzi, Ivan Steiner"]
[Black "Castro Vasconcelos, Jairo Sergio"]
[Result "1/2-1/2"]
[WhiteElo "1690"]
[BlackElo "1585"]
[PlyCount "212"]
[EventDate "2017.11.17"]
[EventType "swiss"]
[EventRounds "6"]
[EventCountry "BRA"]
[SourceTitle "EXT 2022"]
[Source "ChessBase"]
[SourceDate "2021.10.06"]
[SourceVersion "1"]
[SourceVersionDate "2021.10.06"]
[SourceQuality "1"]

1. d4 d5 2. Nf3 Nf6 3. Bf4 e6 4. Nbd2 Bd6 5. Bg3 0-0 6. e3 c5 7. dxc5 Bxc5 8. Bd3 Nc6 9. c3 Re8 10. Ne5 Nxe5 11. Bxe5 Bd6 12. Bg3 Qb6 13. Bxd6 Qxd6 14. 0-0 Qb6 15. b3 Bd7 16. c4 Bc6 17. Qb1 Qb4 18. Nf3 e5 19. cxd5 Bxd5 20. Ne1 Qg4 21. f3 Qg5 22. e4 Qe3+ 23. Kh1 Bc6 24. Qc1 Qd4 25. Bc4 Red8 26. Nc2 Qc3 27. Ne3 Qd2 28. Rd1 Qa5 29. Qc2 Rac8 30. Nf5 Qc7 31. Rxd8+ Rxd8 32. Rd1 Rxd1+ 33. Qxd1 Qd7 34. Qxd7 Bxd7 35. Nd6 Be6 36. Bxe6 fxe6 37. Nxb7 Nd7 38. Kg1 Nb8 39. Nd8 a5 40. Nxe6 Nc6 41. Nc5 Kf7 42. Kf2 Ke7 43. Nd3 Kd6 44. Nb2 Kc5 45. a3 Kd4 46. b4 axb4 47. axb4 Nxb4 48. Kg3 Nc6 49. Na4 Ne7 50. Nb6 Kc5 51. Na4+ Kd6 52. Kf2 h6 53. Ke3 g5 54. g3 Ng6 55. Nc3 h5 56. Nd5 Ke6 57. f4 gxf4+ 58. gxf4 Kf7 59. f5 Nf8 60. Kf3 Nh7 61. Kg3 Ng5 62. Nc3 Kf6 63. h3 Kg7 64. h4 Nf7 65. Kf3 Nd6 66. Ne2 Kh7 67. Ng3 Kh6 68. Ke3 Nc4+ 69. Kd3 Nb2+ 70. Kc3 Nd1+ 71. Kc4 Ne3+ 72. Kc5 Ng2 73. Kd6 Nxh4 74. Kxe5 Nf3+ 75. Kf4 Ng5 76. e5 h4 77. Nh1 Nf7 78. e6 Nd6 79. Ke5 Nc8 80. Nf2 Kg7 81. f6+ Kf8 82. Ng4 h3 83. Kd5 Nb6+ 84. Kc5 Nc8 85. Kc6 Ke8 86. Kc7 Ne7 87. Kd6 Nc8+ 88. Ke5 Kf8 89. Kf5 Nd6+ 90. Kg5 Ne8 91. Kg6 Nd6 92. Kg5 Ne8 93. Kg6 Nd6 94. Nh2 Nc8 95. f7 Ne7+ 96. Kf6 Nd5+ 97. Ke5 Ne7 98. Kd6 Nf5+ 99. Kd7 Ne7 100. Kd6 Nf5+ 101. Ke5 Ne7 102. Kf4 Nd5+ 103. Ke4 Ne7 104. Kf3 Nd5 105. Ng4 Nc7 106. e7+ Kxf7 1/2-1/2

[Event "Sao Paulo Hebraica op 24th"]
[Site "Sao Paulo"]
[Date "2017.01.15"]
[Round "5"]
[White "Truzzi, Ivan Steiner"]
[Black "Fujita, Daniela Miwa"]
[Result "1/2-1/2"]
[WhiteElo "1773"]
[BlackElo "1550"]
[PlyCount "151"]
[EventDate "2017.01.13"]
[EventType "swiss"]
[EventRounds "6"]
[EventCountry "BRA"]
[SourceTitle "CBM 176 Extra"]
[Source "ChessBase"]
[SourceDate "2017.03.02"]
[SourceVersion "1"]
[SourceVersionDate "2017.03.02"]
[SourceQuality "1"]

1. d4 Nf6 2. Nf3 g6 3. Bf4 Bg7 4. e3 0-0 5. Bd3 d6 6. c3 Nbd7 7. Qc2 Qe8 8. Nbd2 e5 9. dxe5 dxe5 10. Bg5 Nc5 11. Ne4 Nxd3+ 12. Qxd3 Bf5 13. Bxf6 Bxe4 14. Qxe4 Bxf6 15. Qxb7 Qe7 16. Qe4 Rab8 17. Rb1 Bg7 18. 0-0 Rfd8 19. Qc2 Qe6 20. b3 Rd6 21. Rfd1 Rbd8 22. Rxd6 Rxd6 23. Rd1 Qd7 24. Rxd6 Qxd6 25. Qd2 Qe7 26. h3 e4 27. Nd4 Qd6 28. c4 c5 29. Nf3 Qd3 30. Qxd3 exd3 31. e4 Bc3 32. Kf1 Kg7 33. Ng1 Kf6 34. f4 g5 35. g3 gxf4 36. gxf4 Bd2 37. Nf3 Bxf4 38. Ke1 Ke6 39. Kd1 f5 40. exf5+ Kxf5 41. Ne1 Ke4 42. Ng2 Bg5 43. Ne1 Ke3 44. Ng2+ Kd4 45. Ne1 Kc3 46. Nf3 Bf4 47. Ne1 Bg3 48. Nf3 Kb2 49. Kd2 Kxa2 50. Kxd3 Kxb3 51. Nd2+ Kb4 52. Ne4 Bf4 53. Nf6 h6 54. Nd5+ Kb3 55. Nxf4 a5 56. Ne2 a4 57. Nc1+ Kb2 58. Ne2 a3 59. Nc3 a2 60. Nxa2 Kxa2 61. Kc2 Ka3 62. Kc3 Ka4 63. h4 h5 64. Kd3 Kb3 65. Kd2 Kxc4 66. Kc2 Kd4 67. Kd2 c4 68. Kc2 c3 69. Kc1 Ke4 70. Kc2 Kf4 71. Kxc3 Kg4 72. Kd2 Kxh4 73. Ke2 Kg3 74. Kf1 Kh2 75. Kf2 h4 76. Kf1 1/2-1/2

[Event "Sao Paulo Hebraica op 24th"]
[Site "Sao Paulo"]
[Date "2017.01.15"]
[Round "6"]
[White "Truzzi, Ivan Steiner"]
[Black "Rocha, Anderson Rosendo"]
[Result "1-0"]
[WhiteElo "1773"]
[BlackElo "1629"]
[PlyCount "53"]
[EventDate "2017.01.13"]
[EventType "swiss"]
[EventRounds "6"]
[EventCountry "BRA"]
[SourceTitle "CBM 176 Extra"]
[Source "ChessBase"]
[SourceDate "2017.03.02"]
[SourceVersion "1"]
[SourceVersionDate "2017.03.02"]
[SourceQuality "1"]

1. e4 d6 2. Nf3 Nf6 3. Nc3 c6 4. d4 g6 5. Bg5 Bg7 6. Be2 0-0 7. 0-0 Bg4 8. Re1 Bxf3 9. Bxf3 Nbd7 10. e5 dxe5 11. dxe5 Ne8 12. e6 fxe6 13. Rxe6 Nef6 14. Qe2 Re8 15. Rd1 Kf8 16. Ne4 Qa5 17. Bd2 Qxa2 18. Nxf6 Nxf6 19. Bc3 Qa6 20. Qxa6 bxa6 21. Bxc6 Rad8 22. Rde1 Nd7 23. Bxg7+ Kxg7 24. Rxe7+ Kf8 25. Rxe8+ Rxe8 26. Rd1 h5 27. Bxd7 1-0